Central Library OPAC University of Rajshahi

Handbook of legal terms and phrases, judicially defined / (Record no. 59630)

MARC details
000 -LEADER
fixed length control field 00650nam a2200205 a 4500
001 - CONTROL NUMBER
control field 59630
003 - CONTROL NUMBER IDENTIFIER
rucl marc code BD-RjUL
005 - DATE AND TIME OF LATEST TRANSACTION
control field 20211209080743.0
008 - FIXED-LENGTH DATA ELEMENTS--GENERAL INFORMATION
fixed length control field 161226s1968 pk 000 0 eng
035 ## - SYSTEM CONTROL NUMBER
System control number (BD-RjUL)59754
040 ## - CATALOGING SOURCE
Original cataloging agency BD-RjUL
Transcribing agency BD-RjUL
Modifying agency BD-RjUL
Language of cataloging eng
041 ## - LANGUAGE CODE
Language code of text/sound track or separate title eng
082 00 - DEWEY DECIMAL CLASSIFICATION NUMBER
Classification number 340.095491
Edition number 23
Author mark and year ILH 1968
100 2# - MAIN ENTRY--PERSONAL NAME
Personal name Ilyas Khan, Mohammed.
9 (RLIN) 177435
245 10 - TITLE STATEMENT
Title Handbook of legal terms and phrases, judicially defined /
Statement of responsibility, etc. Mohammed Ilyas Khan Foreword by Wahid-ud-Din Ahmad.
260 ## - PUBLICATION, DISTRIBUTION, ETC. (IMPRINT)
Place of publication, distribution, etc. Karachi :
Name of publisher, distributor, etc. Lee Law Publications,
Date of publication, distribution, etc. 1968.
300 ## - PHYSICAL DESCRIPTION
Pagination 483 p.
Size 26 cm.
650 #0 - SUBJECT ADDED ENTRY--TOPICAL TERM
Topical term or geographic name as entry element Law
Geographic subdivision Pakistan
General subdivision Terminology.
9 (RLIN) 177436
942 ## - ADDED ENTRY ELEMENTS (KOHA)
Source of classification or shelving scheme Dewey Decimal Classification
Koha item type Books
Holdings
Lost status Source of classification or shelving scheme Damaged status Not for loan Collection code Permanent Location Current Location Shelving location Date acquired Source of acquisition Cost, normal purchase price Total Checkouts Full call number Date last seen Copy number Koha item type
  Dewey Decimal Classification   Not For Loan Non-fiction Central Library, University of Rajshahi Central Library, University of Rajshahi Reading Room 01/07/1968 Warsi book, Dhaka 20.00   340.095491 ILH 1968 26/12/2016 C-1 Books